00530nam a2200181 a 4500001001300000003000900013005001700022008004100039020001000080082001900090100001400109245006300123260004900186300000900235500003500244505004200279650002700321nice12345678IN_TiNIC20260116014248.0050524s1992 aura grp 000 0 eng  ac25000a930.15484bMAT aMate, M S aDaulatabadb a Report on the Archaeological Investigations aAuragabad, PunebMarathwada Univeristyc1992 a106p aincludes index and biblioraphy2 aReferences, Illustrations and Figures aArchaeology-Daulatabad